Russian Revolution - Statistics

General Stats
  • This quiz has been taken 1,931 times
  • The average score is 7 of 15
Answer Stats
Hint Answer % Correct
In what year was the Russian Revolution? 1917
97%
Who was the last Tsar of Russia? Nicholas II
74%
Name of the mystic who was said to have saved the Tsar's haemophilic son Grigori Rasputin
72%
Modern name for Petrograd Saint Petersburg
70%
What war followed the Bolshevik Revolution? Russian Civil War
61%
Bolsheviks form the ____Guard to defend Petrograd from ^^ Red
57%
Leader of the above Guard Leon Trotsky
53%
September 1915, Tsar takes control of and responsibility for what? The Russian Army
43%
Lenin's ____ Thesis April
42%
War Minister and later Prime Minister of the Provisional Government Alexander Kerensky
40%
General who tried to instigate military rule in Petrograd Lavr Kornilov
27%
Lenin adapted Marxism to include the ____ as well as the Proletariat in the revolution Peasantry
27%
Bolshevik Slogan Peace, bread, land
22%
Bolshevik Slogan All power to the Soviets
19%
Name of the naval ship which fired blanks to signal the Bolshevik Revolution Aurora
14%
No matching quizzes found
Score Distribution
Percent of People with Each Score
Percentile by Number Answered
Your Score History
You have not taken this quiz